<?xml version="1.0" encoding="UTF-8"?><?xml-stylesheet type="text/xsl" href="static/style.xsl"?><OAI-PMH xmlns="http://www.openarchives.org/OAI/2.0/" xmlns:xsi="http://www.w3.org/2001/XMLSchema-instance" xsi:schemaLocation="http://www.openarchives.org/OAI/2.0/ http://www.openarchives.org/OAI/2.0/OAI-PMH.xsd"><responseDate>2026-06-29T07:36:05Z</responseDate><request verb="GetRecord" identifier="oai:docta.ucm.es:20.500.14352/118797" metadataPrefix="marc">https://docta.ucm.es/rest/oai/request</request><GetRecord><record><header><identifier>oai:docta.ucm.es:20.500.14352/118797</identifier><datestamp>2025-03-18T12:05:58Z</datestamp><setSpec>com_20.500.14352_14</setSpec><setSpec>col_20.500.14352_15</setSpec></header><metadata><record xmlns="http://www.loc.gov/MARC21/slim" xmlns:dcterms="http://purl.org/dc/terms/" xmlns:xsi="http://www.w3.org/2001/XMLSchema-instance" xmlns:doc="http://www.lyncode.com/xoai" xsi:schemaLocation="http://www.loc.gov/MARC21/slim http://www.loc.gov/standards/marcxml/schema/MARC21slim.xsd">
   <leader>00925njm 22002777a 4500</leader>
   <datafield ind2=" " ind1=" " tag="042">
      <subfield code="a">dc</subfield>
   </datafield>
   <datafield ind2=" " ind1=" " tag="720">
      <subfield code="a">Cazorla Vivas, María del Carmen</subfield>
      <subfield code="e">author</subfield>
   </datafield>
   <datafield ind2=" " ind1=" " tag="260">
      <subfield code="c">2009-01</subfield>
   </datafield>
   <datafield ind2=" " ind1=" " tag="520">
      <subfield code="a">RESUMEN: El presente trabajo forma parte de una investigación más extensa que estamos realizando sobre la presencia o ausencia de regionalismos en la lexicografía bilingüe hispano-francesa. En este caso concreto nos adentramos en las páginas de un diccionario del siglo XVIII, el de François Cormon, «Sobrino aumentado o nuevo diccionario de las lenguas española y francesa» (1769), para comprobar si incluye voces dialectales, cómo aparecen reflejadas en la microestructura, etc. Se encuadra, por tanto, en la lexicografía bilingüe, pero va más allá, ya que una de las fuentes principales de Cormon será el «Diccionario de Autoridades» y buena parte de nuestro análisis se dedica a indagar en esa influencia.</subfield>
   </datafield>
   <datafield ind2=" " ind1=" " tag="520">
      <subfield code="a">ABSTRACT: This paper is a report of a more extensive research carried out on the presence or absence of dialectal voices in the bilingual Spanish-French lexicography. In this case we analyze a dictionary of the 18th century, that of François Cormon, “Sobrino aumentado o nuevo diccionario de las lenguas española y francesa” (1769), to verify if it includes dialectal voices, how these are reflected in the microstructure, etc. This study is inserted, therefore, in the bilingual lexicography, but it goes farther, since one of Cormon’s principal sources is the “Diccionario de Autoridades” and our analysis is devoted to consider this influence.</subfield>
   </datafield>
   <datafield ind1="8" ind2=" " tag="024">
      <subfield code="a">Cazorla Vivas, María del Carmen. «Los regionalismos en François Cormon (1769) : tras los pasos del “Diccionario de Autoridades”». Revista de Filología de la Universidad de La Laguna, n.º 27, enero de 2009, pp. 53-73, https://riull.ull.es/xmlui/handle/915/13942.</subfield>
   </datafield>
   <datafield ind1="8" ind2=" " tag="024">
      <subfield code="a">0212-4130</subfield>
   </datafield>
   <datafield ind1="8" ind2=" " tag="024">
      <subfield code="a">https://hdl.handle.net/20.500.14352/118797</subfield>
   </datafield>
   <datafield ind1="8" ind2=" " tag="024">
      <subfield code="a">2530-8548</subfield>
   </datafield>
   <datafield ind1="8" ind2=" " tag="024">
      <subfield code="a">https://www.ull.es/revistas/index.php/filologia/index</subfield>
   </datafield>
   <datafield ind1="8" ind2=" " tag="024">
      <subfield code="a">https://www.ull.es/servicios/publicaciones/</subfield>
   </datafield>
   <datafield ind1="8" ind2=" " tag="024">
      <subfield code="a">https://riull.ull.es/xmlui/</subfield>
   </datafield>
   <datafield ind2="0" ind1="0" tag="245">
      <subfield code="a">Los regionalismos en François Cormon (1769) : tras los pasos del «Diccionario de Autoridades»</subfield>
   </datafield>
   <datafield ind2="0" ind1="0" tag="245">
      <subfield code="a">Patrimonial Voices in F. Cormon (1769) : the Influence of “Diccionario de Autoridades”</subfield>
   </datafield>
</record></metadata></record></GetRecord></OAI-PMH>